| 000 | 00722cam a2200253 4500 | ||
|---|---|---|---|
| 008 | 090401t1991 xxu||||| |||| 00| 0 eng d | ||
| 020 | _a0947877541 | ||
| 035 | _a(Sirsi) u69277 | ||
| 041 | _aeng | ||
| 050 | _a692.9 | ||
| 090 | _aJCT 1991/1A | ||
| 110 |
_aJoint Contracts Tribunal _93664 |
||
| 245 | _aRevised procedure for nomination of a sub-contractor. | ||
| 260 |
_aLondon _bRIBA Publications Limited _c1991 |
||
| 300 | _a152p. ; 30cm. | ||
| 350 | _a15 | ||
| 520 | _aIncorporates Amendment 10 issued March 1991. | ||
| 650 | _aJCT STANDARD FORM OF CONTRACT 1980 | ||
| 650 | _aJCT | ||
| 650 | _aSUBCONTRACTS | ||
| 690 | _aBUILT ENVIRONMENT-BUILDING CONTRACT FORMS | ||
| 942 | _n0 | ||
| 948 | _c04/03/1997 | ||
| 999 |
_c95182 _d95182 |
||